Suomen 20 suurinta sanomalehteä - Statistics

Yleistilastot
  • Tätä visaa on pelattu 88 kertaa
  • Keskiarvotulos 11 / 20
Vastaustilastot
Lukijamäärä Kotipaikkakunta Sanomalehti % Oikein
1 698 000 Helsinki Helsingin Sanomat
97%
2 943 000 Helsinki Iltalehti
91%
2 950 000 Helsinki Ilta-Sanomat
91%
294 000 Turku Turun Sanomat
86%
478 000 Tampere Aamulehti
78%
283 000 Oulu Kaleva
62%
203 000 Kuopio Savon Sanomat
61%
204 000 Seinäjoki Ilkka
60%
131 000 Rovaniemi Lapin Kansa
58%
253 000 Jyväskylä Keskisuomalainen
57%
175 000 Pori Satakunnan Kansa
51%
153 000 Joensuu Karjalainen
43%
168 000 Lahti Etelä-Suomen Sanomat
35%
117 000 Vantaa Vantaan Sanomat
35%
544 000 Helsinki Maaseudun Tulevaisuus
34%
188 000 Tampere Tamperelainen
34%
175 000 Espoo Länsiväylä
31%
406 000 Helsinki Helsingin Uutiset
27%
607 000 Helsinki Kauppalehti
22%
148 000 Helsinki Hufvudstadsbladet
17%
Ehtoja vastaavia visoja ei löytynyt
Tulosjakauma
Jokaisen tuloksen saaneiden osuus
Persentiili vastausten määrän mukaan
Tuloshistoriasi
Et ole pelannut tätä visaa